00438cam a2200145ua 45000010005000000080039000050400009000440820012000531000031000652450077000962600036001733000015002096530012002246530056002365798131028n ii |||gr||||Z||||||eng cMAIN a954.162 aDutta,Ajit Kumar,eAuthor. aManiram Dewan And The Contemporary Assamese Societycby Ajit Kumar Dutta aGuwahati:bBidya Mandir,c1990. axiii,268p. aHistory aManiram Dewan And The Contemporary Assamese Society